000 00420nam a2200169Ia 4500
008 221030s9999 xx 000 0 und d
020 _a8185015902
041 _aEnglish
100 _aT. G. Beckwith
245 0 _aMechanical Measurements
_cby T. G. Beckwith, N. L. Buck
250 _a3rd
260 _bNarosa Pub
_aNew Delhi
_c1995
300 _a730
650 _aBB Mechanics
700 _aN. L. Buck
942 _cBK
999 _c17930
_d17930